Análisis sociológico del español de San Gabriel, Monterrey y la lengua de Aserrí /
Guardado en:
| Autor principal: | |
|---|---|
| Formato: | Tesis |
| Publicado: |
San José:
Universidad de Costa Rica
|
| Etiquetas: |
Agregar Etiqueta
Sin Etiquetas, Sea el primero en etiquetar este registro!
|
MARC
| LEADER | 00000 a a2200000 04500 | ||
|---|---|---|---|
| 001 | 20956 | ||
| 003 | |||
| 040 | |a CRAI/IIS |c CRAI/IIS | ||
| 090 | |a 09002.00 | ||
| 100 | |a Quesada Pacheco, Miguel Angel | ||
| 245 | |a Análisis sociológico del español de San Gabriel, Monterrey y la lengua de Aserrí / |c Miguel Angel Quesada Pacheco | ||
| 260 | |a San José: |b Universidad de Costa Rica | ||
| 300 | |a 118 páginas | ||
| 502 | |a Tesis (Licenciado en Filología Española) -- Universidad de Costa Rica. Facultad de Letras. Escuela de Filología,Linguística y Literatura, 1981 | ||
| 999 | |c 17935 |d 17935 | ||
